Iowa cities with over 8000 population Quiz Stats

Quiz not verified by Sporcle

Challenge
Share
Tweet
Embed
Score 0/46 Timer 06:00
0 Plays Today
2008 Census % Correct
197,052Des Moines
99.2%
128,056Cedar Rapids
96.3%
67,831Iowa City
94.8%
100,827Davenport
93.4%
82,807Sioux City
93.1%
56,510Ames
91.2%
57,250Dubuque
88.6%
66,662Waterloo
87.4%
55,426West Des Moines
87.1%
59,536Council Bluffs
86.6%
38,059Cedar Falls
86.5%
42,287Ankeny
79.4%
27,337Mason City
79.1%
25,180Fort Dodge
76.2%
32,584Bettendorf
75.1%
38,369Urbandale
74.4%
25,850Marshalltown
72.8%
26,407Clinton
70%
25,327Burlington
69.8%
24,342Ottumwa
69.3%
32,821Marion
67.9%
11,427Keokuk
63.5%
14,156Indianola
60.4%
2008 Census % Correct
18,478Coralville
58.7%
22,504Muscatine
58%
15,691Johnston
57.4%
8,172Decorah
55%
13,301Altoona
54.7%
15,042Newton
54.5%
9,909Pella
54.4%
15,234Clive
52.9%
10,938Oskaloosa
52.9%
12,367Waukee
49.3%
12,803Boone
49.1%
8,161Clear Lake
47.2%
10,076Storm Lake
46.4%
11,476Fort Madison
46.3%
11,317Spencer
45.4%
10,098Carroll
45.2%
8,968Waverly
43.4%
9,105Grinnell
41.6%
8,751Mount Pleasant
39.6%
9,237Le Mars
34.4%
8,176Webster City
34.3%
9,602Fairfield
34.2%
8,229Norwalk
34.2%

You're not logged in!

Compare scores with friends on all Sporcle quizzes.
Sign Up with Email
OR
Log In

You Might Also Like...

Show Comments

Extras

Top Quizzes Today


Score Distribution

Your Account Isn't Verified!

In order to create a playlist on Sporcle, you need to verify the email address you used during registration. Go to your Sporcle Settings to finish the process.